000 00731nam#a2200265#c#4500
003 IEF
005 20180219172530.0
008 950804s1983 ESP####fr####| 0||u|SPA|u
017 _aM. 30073-1983
020 _a8423916375
040 _aIEF
041 _aSPA
100 1 _aPabón y Suárez de Urbina, Jesús
_933918
245 _aNarváez y su época
_c Jesús Pabón y Suárez de Urbina ; introducción de Carlos Seco Serrano
260 _aMadrid
_b Espasa-Calpe
_c1983
300 _a330 p.
_c18 cm
490 _aAustral;v. 1637
650 4 _aESPAÑA
_941092
650 4 _aHISTORIA
_945399
650 4 _aSIGLO XIX
_948415
700 1 _aSeco Serrano, Carlos
_940571
942 _cLIB
942 _z78126
999 _c122735
_d122735